000 00614nam a2200241Ia 4500
003 OSt
005 20221007071916.0
006 a|||||r|||| 00| 0
007 ta
008 221006b |||||||| |||| 00| 0 eng d
024 _a7,215
037 _cTextual
040 _aFLL
_cFLL
_beng
041 _2eng
_aeng
082 _aZ3:92, E4
100 _aDicey A.V.
245 0 _aLaw & public opinion in England
250 _a2nd
260 _aLondon
_bMacmillan and Co., Limited London
_c1914
300 _axi,506p
_ccm.
942 _hZ3:92, E4
_cTEXL
_2CC
999 _c1144649
_d1144649